000 00815cam a2200241 i 4500
005 20260414091739.0
020 _a9780414064041
_cTZS 1,491,000/=
040 _aMCCL
_beng.
_eAACR 2nd rev. ed.
082 _a347.4012 DES
100 1 _aWoolf Harry...et al.
245 1 0 _aDe Smith's judicial review /
_cHarry Woolf , Jeffrey Jowell, Catherine Donnelly & Ivan Hare
250 _a8th ed.
260 _aEngland:
_bThomson Reuters (Professional) UK Limited,
_cc2018
300 _acclxxxii, 1196 P.:
_c24 cm
504 _aIncludes bibliographical references and index.
546 _aeng.
650 0 _aJudicial review of administrative acts
650 0 _aJudicial review of administrative acts
700 1 _aJowell, Jeffrey L.,
700 1 _aDonnelly, Catherine M.
_d1974-
700 1 _aHare, Ivan,
942 _cBK
999 _c12593
_d12593